000 00528ntaaa2200193 4500
003 01
005 20251027202317.0
008 0714s1973 ag 01
040 _aAR-BaBN
_bspa
_cAR-BaBN
_eaacr
_dRIC
082 _a280.1000 M66
245 _aThe nature of the unity we seek
250 _a1 ed.
260 _aSt. Louis :
_bBethany Press,
_c1958
300 _a304 p
500 _aOfficial report of the North American Conference on faith and order, 1957
650 _aecumenismo
700 _aMinear, Paul S
_95493
942 _cBK
999 _c17907
_d17907